“Who is a Jew?” (notice n° 1573646)

détails MARC
000 -LEADER
fixed length control field 01531cam a2200217 4500500
005 - DATE AND TIME OF LATEST TRANSACTION
control field 20251214030253.0
041 ## - LANGUAGE CODE
Language code of text/sound track or separate title fre
042 ## - AUTHENTICATION CODE
Authentication code dc
100 10 - MAIN ENTRY--PERSONAL NAME
Personal name Tank-Storper, Sébastien
Relator term author
245 00 - TITLE STATEMENT
Title “Who is a Jew?”
260 ## - PUBLICATION, DISTRIBUTION, ETC.
Date of publication, distribution, etc. 2018.<br/>
500 ## - GENERAL NOTE
General note 50
520 ## - SUMMARY, ETC.
Summary, etc. The legal definition of jewish identity remains a major controversy within the Israeli democracy. On the one hand, the Law of Return gives every Jew in the world the right to live in Israël and to gain Israeli citizenship. But on the other hand, the legal definition of “Who is a Jew?” never had got any consensus, creating multiple and recurring political and institutional crisis among the Knesset, the Rabanout and the High Court of Justice. This article retraces the main developments of the “Who is a Jew?” conflict, attempting to identify its main issues and to demonstrate that each compromise solution brings the crisis to come. Thus, the “Who is a Jew” conflict demonstrates both the high level of ideological and religious fragmentation of contemporary Jewish world than the persistence of a “common” that can’t find a legal translation.
690 ## - LOCAL SUBJECT ADDED ENTRY--TOPICAL TERM (OCLC, RLIN)
Topical term or geographic name as entry element Israeli democracy
690 ## - LOCAL SUBJECT ADDED ENTRY--TOPICAL TERM (OCLC, RLIN)
Topical term or geographic name as entry element jewish identity
690 ## - LOCAL SUBJECT ADDED ENTRY--TOPICAL TERM (OCLC, RLIN)
Topical term or geographic name as entry element Judaism
690 ## - LOCAL SUBJECT ADDED ENTRY--TOPICAL TERM (OCLC, RLIN)
Topical term or geographic name as entry element Law of Return
690 ## - LOCAL SUBJECT ADDED ENTRY--TOPICAL TERM (OCLC, RLIN)
Topical term or geographic name as entry element refuge
786 0# - DATA SOURCE ENTRY
Note Archives de sciences sociales des religions | o 177 | 1 | 2018-02-27 | p. 31-50 | 0335-5985
856 41 - ELECTRONIC LOCATION AND ACCESS
Uniform Resource Identifier <a href="https://shs.cairn.info/journal-archives-de-sciences-sociales-des-religions-2017-1-page-31?lang=en&redirect-ssocas=7080">https://shs.cairn.info/journal-archives-de-sciences-sociales-des-religions-2017-1-page-31?lang=en&redirect-ssocas=7080</a>

Pas d'exemplaire disponible.

PLUDOC

PLUDOC est la plateforme unique et centralisée de gestion des bibliothèques physiques et numériques de Guinée administré par le CEDUST. Elle est la plus grande base de données de ressources documentaires pour les Étudiants, Enseignants chercheurs et Chercheurs de Guinée.

Adresse

627 919 101/664 919 101

25 boulevard du commerce
Kaloum, Conakry, Guinée

Réseaux sociaux

Powered by Netsen Group @ 2025